000 00866nam a2200265 a 4500
001 15783
003 BD-RjUL
005 20211208235903.0
008 140210s1953 ilu 00010 eng d
035 _a(BD-RjUL)15838
040 _aANL
_beng
_cANL
_dBD-RjUL
041 _aeng
082 0 0 _a655.4
_bGUB 1953
100 1 0 _aGuinzburg, Harold K.
_948947
245 1 0 _aBooks and the mass market /
_cby Harold K. Guinzburg, Robert W. Frase, and Theodore Waller.
260 0 _aUrbana, Ill. :
_bUniversity of Illinois Press,
_c1953.
300 _aix, 66 p. ;
_c24 cm.
490 1 _aFourth annual Windsor lectures
650 0 _aBooksellers and bookselling.
_947063
830 0 _v1952
_948963
700 1 0 _aFrase, Robert William,
_d1912-
_948949
700 1 0 _aWaller, Theodore.
_948950
830 0 _aPhineas L.Windsor lecture in librarianship ;
_948964
942 _2ddc
_cBK
999 _c15783
_d15783